000 01062cam a22003014a 4500
001 13152361
003 CEME
005 20210628201528.0
008 030408s2004 mau 001 0 eng
010 _a 2003051040
020 _a0072860464 (alk. paper)
040 _aDLC
_cDLC
_dDLC
_dDLC
042 _apcc
050 0 0 _aQA76.73.S67
_bP75 2004
082 0 0 _a005.13/3
_221
100 1 _aPreece, Linda L.
_955654
245 1 0 _aOracle SQL and introductory PL/SQL
_cLinda L. Preece.
250 _a1st ed.
260 _aBoston :
_bMcGraw-Hill,
_c2004.
300 _axvi, 246 p. ;
_c26 cm.
630 0 0 _aOracle (Computer file)
_955655
650 0 _aSQL (Computer program language)
_955656
650 0 _aPL/SQL (Computer program language)
_955657
856 4 2 _3Publisher description
_uhttp://www.loc.gov/catdir/description/mh051/2003051040.html
856 4 2 _3Contributor biographical information
_uhttp://www.loc.gov/catdir/bios/mh042/2003051040.html
856 4 1 _3Table of contents
_uhttp://www.loc.gov/catdir/toc/mh031/2003051040.html
942 _2ddc
_cBK
999 _c566424
_d566424